[Event "ICS rated blitz match"]
[Site "204.178.125.65"]
[Date "2000.02.22"]
[Round "?"]
[White "Zippy"]
[Black "Hossa"]
[Result "1-0"]
[WhiteElo "2146"]
[BlackElo "2315"]
[PlyCount "93"]

1. Nf3 c6 2. g3 d5 3. Bg2 e6 4. O-O h5 5. d4 Be7 6. Nc3 h4 7. e4 hxg3 8. fxg3
Nd7 9. Bf4 g5 10. Be3 g4 11. Ne5 Nxe5 12. dxe5 Bg5 13. Bd4 Bd7 14. Qxg4 Nh6 15.
Qh5 Rh7 16. exd5 cxd5 17. Rf2 a6 18. h4 Be7 19. Be3 d4 20. Bxd4 Qc7 21. Bd5
exd5 22. Nxd5 Qc4 23. e6 Bxe6 24. Nf6+ Bxf6 25. Bxf6 Qg4 26. Qg5 Qe4 27. Rd2
Bg4 28. Rf1 b6 29. Rd4 Qc6 30. Qe3+ Be6 31. Qd3 Qc7 32. Rd1 Qc5 33. Qxh7 Bd5
34. Qxh6 Kd7 35. b4 Qxd4+ 36. Rxd4 Rg8 37. Rxd5+ Kc6 38. Rg5 Re8 39. Bd4+ Re6
40. Qf8 Re1+ 41. Kf2 Re4 42. Qa8+ Kc7 43. Qa7+ Kd6 44. Qxb6+ Ke7 45. Bc5+ Kd7
46. Rd5+ Ke8 47. Qc6# 1-0

[Event "ICS Rated blitz match"]
[Site "204.178.125.65"]
[Date "2000.02.22"]
[Round "?"]
[White "Hossa"]
[Black "HaraldLdahl"]
[Result "1-0"]
[WhiteElo "2292"]
[BlackElo "2089"]
[PlyCount "39"]

1. d4 f5 2. g3 Nf6 3. Bg2 g6 4. c4 Bg7 5. Nf3 O-O 6. Nc3 d6 7. h4 Nc6 8. d5 Ne5
9. Nxe5 dxe5 10. h5 e4 11. hxg6 hxg6 12. Bg5 Ng4 13. c5 a6 14. f3 exf3 15. exf3
Ne5 16. Qe2 Rf7 17. O-O-O b5 18. d6 Bb7 19. dxe7 Qe8 20. Rd8 1-0

[Event "ICS rated blitz match"]
[Site "204.178.125.65"]
[Date "2000.02.22"]
[Round "?"]
[White "u4ea"]
[Black "Hossa"]
[Result "0-1"]
[WhiteElo "2060"]
[BlackElo "2300"]
[PlyCount "52"]

1. d4 Nf6 2. c4 d6 3. Nc3 Nbd7 4. g4 Nxg4 5. Bg2 c5 6. d5 Nge5 7. Bf4 Nxc4 8.
Nb5 Qa5+ 9. Nc3 Nxb2 10. Qc2 Nc4 11. a4 Ndb6 12. e4 Bd7 13. Nge2 Bxa4 14. Qd3
Bc2 15. Rxa5 Bxd3 16. Rb5 a6 17. Rb3 Bc2 18. Rxb6 Nxb6 19. O-O Na4 20. Nxa4
Bxa4 21. Rb1 b5 22. Nc3 Bc2 23. Rb2 Bd3 24. f3 b4 25. Na4 Bb5 26. Nb6 Rb8 0-1

[Event "ICS rated blitz match"]
[Site "204.178.125.65"]
[Date "2000.02.22"]
[Round "?"]
[White "theater"]
[Black "Hossa"]
[Result "0-1"]
[WhiteElo "1963"]
[BlackElo "2302"]
[PlyCount "94"]

1. d4 c6 2. c4 Nf6 3. Nc3 d6 4. e4 Nbd7 5. f3 e5 6. d5 Be7 7. Nh3 O-O 8. Nf2
Nh5 9. g4 Nhf6 10. h4 h5 11. g5 Nh7 12. Bd3 Nc5 13. b4 Nxd3+ 14. Nxd3 Bd7 15.
Be3 a5 16. a3 Qc7 17. O-O Bh3 18. Rf2 axb4 19. axb4 f5 20. Rfa2 Rxa2 21. Rxa2
fxe4 22. Nxe4 cxd5 23. cxd5 Qc4 24. Rc2 Qxd5 25. Rc7 Bd8 26. Rc3 Bg4 27. fxg4
Qxe4 28. Nf2 Qxb4 29. Qd5+ Kh8 30. Rc1 hxg4 31. Qc4 Qxc4 32. Rxc4 d5 33. Rc8 d4
34. Bd2 Bb6 35. Rxf8+ Nxf8 36. Nxg4 e4 37. Bf4 d3+ 38. Kf1 Ng6 39. Be3 Bxe3 40.
Nxe3 Nxh4 41. Kf2 g6 42. Nd5 Nf5 43. Nf6 e3+ 44. Ke1 Nd4 45. Nd5 Nf3+ 46. Kf1
e2+ 47. Kf2 e1=Q+ 0-1

[Event "ICS rated blitz match"]
[Site "204.178.125.65"]
[Date "2000.02.22"]
[Round "?"]
[White "Hossa"]
[Black "Morphi"]
[Result "1-0"]
[WhiteElo "2306"]
[BlackElo "1990"]
[PlyCount "63"]

1. c4 c6 2. d4 d5 3. cxd5 Nf6 4. dxc6 Nxc6 5. e3 e5 6. Nf3 Bg4 7. Be2 e4 8.
Nfd2 Bf5 9. Nc3 Bb4 10. a3 Ba5 11. b4 Bc7 12. g4 Bg6 13. g5 Nd5 14. Ncxe4 O-O
15. b5 Nce7 16. Ra2 f5 17. gxf6 Nxf6 18. Nc5 Bf7 19. Rc2 Qd5 20. Bf3 Qg5 21.
Nce4 Nxe4 22. Rxc7 Nd6 23. Ne4 Nxe4 24. Bxe4 Bd5 25. Qc2 Qh4 26. Rxe7 Rae8 27.
Bxd5+ Kh8 28. Rxe8 Rxe8 29. Qc5 Qg4 30. Bxb7 h6 31. Qxa7 Re7 32. Qb6 1-0

[Event "ICS Rated blitz match"]
[Site "204.178.125.65"]
[Date "2000.02.22"]
[Round "?"]
[White "PackMaster"]
[Black "Hossa"]
[Result "0-1"]
[WhiteElo "2491"]
[BlackElo "2310"]
[PlyCount "132"]

1. e4 d5 2. exd5 c6 3. d4 cxd5 4. c4 Nc6 5. Nc3 dxc4 6. d5 Na5 7. Bxc4 Nxc4 8.
Qa4+ Bd7 9. Qxc4 Nf6 10. Nf3 Rc8 11. Qd4 b6 12. Bg5 h6 13. Bxf6 gxf6 14. O-O-O
Rg8 15. Rhg1 Rg4 16. Qe3 Qc7 17. h3 Rc4 18. d6 Qc5 19. Qxc5 R8xc5 20. dxe7 Bxe7
21. Rd2 b5 22. Rgd1 Be6 23. Kb1 b4 24. Ne2 b3 25. a3 Bf5+ 26. Ka1 Be4 27. Ne1
f5 28. Nd3 Rc7 29. f3 Bc6 30. Kb1 Kf8 31. Ne5 Rc5 32. Nxc6 R5xc6 33. Nd4 Bg5
34. Nxc6 Bxd2 35. Nxa7 Be3 36. Nb5 Rc2 37. Nd6 Rxg2 38. Nxf5 Bg5 39. Ka1 Rf2
40. h4 Bf6 41. Rb1 Rxf3 42. Nd6 Bxh4 43. Nc4 Be7 44. Ne5 Re3 45. Nc6 Bf6 46.
Na5 h5 47. Rf1 Kg7 48. Rg1+ Kh6 49. Rb1 h4 50. Rf1 Kg5 51. Rd1 Rg3 52. Nb7 Be7
53. Na5 f5 54. Nc4 h3 55. Nd2 Rd3 56. Rg1+ Kh5 57. Nc4 f4 58. Ne5 Re3 59. Nc4
Re2 60. Rd1 h2 61. Na5 Rg2 62. Nxb3 Rg1 63. Rb1 h1=Q 64. Rxg1 Qxg1+ 65. Ka2 f3
66. Nd2 f2 0-1

[Event "ICS rated blitz match"]
[Site "204.178.125.65"]
[Date "2000.02.22"]
[Round "?"]
[White "Viveiros"]
[Black "Hossa"]
[Result "0-1"]
[WhiteElo "2028"]
[BlackElo "2334"]
[PlyCount "36"]

1. e4 e6 2. d4 d5 3. exd5 exd5 4. Nf3 Bd6 5. Bd3 Bg4 6. h3 Bxf3 7. Qxf3 Ne7 8.
O-O O-O 9. Re1 Re8 10. c4 Nbc6 11. c5 Nxd4 12. Qh5 g6 13. Qh6 Bxc5 14. Nc3 Nef5
15. Rxe8+ Qxe8 16. Qg5 Qe1+ 17. Kh2 Qxf2 18. Nxd5 Nf3+ 0-1

[Event "ICS rated blitz match"]
[Site "204.178.125.65"]
[Date "2000.02.22"]
[Round "?"]
[White "Hossa"]
[Black "Viveiros"]
[Result "1-0"]
[WhiteElo "2339"]
[BlackElo "2023"]
[PlyCount "45"]

1. e4 c5 2. Nc3 Nc6 3. g3 g6 4. Bg2 Bg7 5. f4 d6 6. d3 e6 7. Nge2 Nge7 8. Be3
Nd4 9. O-O Rb8 10. Rf2 b5 11. Qd2 Bd7 12. a3 a5 13. Re1 b4 14. axb4 axb4 15.
Nd1 Bc6 16. Bxd4 cxd4 17. f5 exf5 18. exf5 Bxg2 19. f6 Bxf6 20. Rxf6 Bh3 21.
Qh6 Qd7 22. Nf2 Be6 23. Nxd4 1-0

[Event "ICS rated blitz match"]
[Site "204.178.125.65"]
[Date "2000.02.22"]
[Round "?"]
[White "joejan"]
[Black "Hossa"]
[Result "0-1"]
[WhiteElo "2265"]
[BlackElo "2343"]
[PlyCount "74"]

1. e4 e6 2. d4 a6 3. Nd2 d5 4. Bd3 dxe4 5. Nxe4 Be7 6. Nf3 Nc6 7. c3 Nf6 8.
Nxf6+ Bxf6 9. Bf4 Ne7 10. h4 O-O 11. Bxh7+ Kh8 12. Ng5 g6 13. h5 Nd5 14. Nxf7+
Rxf7 15. hxg6 Rd7 16. Bd2 Bg5 17. Qh5 Bxd2+ 18. Kxd2 Qf6 19. g7+ Kxg7 20. Raf1
Kf8 21. Be4 Qf4+ 22. Kd3 Qxe4+ 23. Kxe4 Nf6+ 24. Ke3 Nxh5 25. Rxh5 Rg7 26. g3
c6 27. Rfh1 Ke7 28. Ke4 b6 29. Ke5 Rf7 30. f4 Bd7 31. g4 Rg8 32. R1h4 Kd8 33.
Kd6 Rxf4 34. Rh7 Bc8 35. Kxc6 e5 36. dxe5 Rg6+ 37. Kd5 Be6+ 0-1

[Event "ICS rated blitz match"]
[Site "204.178.125.65"]
[Date "2000.02.22"]
[Round "?"]
[White "peteleco"]
[Black "Hossa"]
[Result "1-0"]
[WhiteElo "1991"]
[BlackElo "2364"]
[PlyCount "71"]

1. d4 d5 2. c4 dxc4 3. Nf3 a6 4. e3 Nf6 5. Bxc4 e6 6. O-O Nc6 7. Nc3 Bb4 8. a3
Ba5 9. b4 Bb6 10. Bb2 O-O 11. Re1 Ba7 12. Ne2 Bd7 13. Ng3 Qe7 14. e4 Rfd8 15.
Qd3 Ng4 16. h3 Nf6 17. Rad1 Bc8 18. e5 Nd5 19. Ba2 Bb8 20. Bb1 g6 21. h4 Bd7
22. h5 a5 23. b5 Na7 24. hxg6 fxg6 25. a4 Qb4 26. Bc1 Qxa4 27. Bg5 Bxb5 28. Qe4
Nc3 29. Qh4 Re8 30. Bxg6 Ne2+ 31. Nxe2 hxg6 32. Bf6 Rf8 33. Qh6 Rxf6 34. exf6
Kf7 35. Qg7+ Ke8 36. Qe7# 1-0

[Event "ICS rated blitz match"]
[Site "204.178.125.65"]
[Date "2000.02.22"]
[Round "?"]
[White "poodledough"]
[Black "Hossa"]
[Result "1-0"]
[WhiteElo "2840"]
[BlackElo "2339"]
[PlyCount "107"]

1. e4 d5 2. exd5 Qxd5 3. Nc3 Qa5 4. d4 Nf6 5. Nf3 Bf5 6. Ne5 c6 7. Bc4 e6 8. g4
Be4 9. O-O Bg6 10. g5 Nfd7 11. Nxg6 hxg6 12. Ne4 Qf5 13. f3 Nb6 14. Bd3 Qh3 15.
Qe2 N8d7 16. c4 O-O-O 17. b3 e5 18. Bb2 exd4 19. Bxd4 c5 20. Bc3 Re8 21. Qb2
Rh7 22. Rae1 Re6 23. a4 Na8 24. Bb1 Nc7 25. Rd1 Re8 26. Qd2 Be7 27. Rf2 Rh4 28.
Bxg7 Rh7 29. Bf6 Bf8 30. Qd3 Na6 31. Re2 Kc7 32. Nf2 Qxh2+ 33. Kf1 Nxf6 34.
Rxe8 Qh1+ 35. Nxh1 Rxh1+ 36. Kf2 Rxd1 37. Rxf8 Rxd3 38. Bxd3 Nd7 39. Rxf7 Nb4
40. Bxg6 Kd6 41. Bf5 Ne5 42. Rxb7 a6 43. f4 Ned3+ 44. Bxd3 Nxd3+ 45. Ke3 Nb2
46. g6 Kc6 47. Rh7 Nd1+ 48. Kf3 Nb2 49. g7 Nxc4 50. bxc4 Kb6 51. g8=Q Ka5 52.
Qb8 Kxa4 53. Rh1 a5 54. Ra1# 1-0

[Event "ICS rated blitz match"]
[Site "204.178.125.65"]
[Date "2000.02.23"]
[Round "?"]
[White "Hossa"]
[Black "pepekan"]
[Result "0-1"]
[WhiteElo "2337"]
[BlackElo "2200"]
[PlyCount "120"]

1. d4 d5 2. Nf3 e6 3. c4 c6 4. e3 f5 5. Be2 Nf6 6. O-O Bd6 7. Nc3 O-O 8. Re1
Nbd7 9. Bd2 Ne4 10. Bd3 Qf6 11. Qb3 Kh8 12. Rad1 g5 13. cxd5 exd5 14. Re2 g4
15. Ne1 Qh4 16. g3 Qh3 17. Qc2 Rf6 18. Na4 Rh6 19. f4 Nxg3 20. Rg2 Ne4 21. Bxe4
fxe4 22. Bc1 Nf6 23. Rg3 Qh4 24. Rg2 Qh3 25. Rg3 Qh5 26. Nc5 Qf7 27. Rg2 Bf5
28. Qa4 Rg6 29. Nb3 h5 30. Na5 h4 31. Kf2 Rag8 32. Kf1 g3 33. hxg3 Bh3 34. Ke2
Bxg2 35. Nxg2 h3 36. Rh1 Rxg3 37. Ne1 Ng4 38. f5 Qxf5 39. Nxb7 Qf2+ 40. Kd1
Nxe3+ 41. Bxe3 Rxe3 42. Qc2 Qxc2+ 43. Nxc2 Rd3+ 44. Ke1 Bf4 45. Nc5 Rf3 46. Ne6
h2 47. Nxf4 Rg1+ 48. Kd2 Rxh1 49. Ng6+ Kg7 50. Nf4 Rxf4 51. Nb4 Rf6 52. Nd3
exd3 53. a3 Rhf1 54. b4 h1=Q 55. b5 Rd1+ 56. Kc3 Qe1+ 57. Kb3 Rf2 58. Ka4 Rb2
59. bxc6 Ra1 60. c7 Qb4# 0-1

[Event "ICS rated blitz match"]
[Site "204.178.125.65"]
[Date "2000.02.23"]
[Round "?"]
[White "repla"]
[Black "Hossa"]
[Result "1-0"]
[WhiteElo "2243"]
[BlackElo "2336"]
[PlyCount "129"]

1. e4 g6 2. d4 Bg7 3. Nc3 d6 4. Nf3 c6 5. Bg5 d5 6. exd5 cxd5 7. Bb5+ Nc6 8.
O-O Bg4 9. h3 Bxf3 10. Qxf3 a6 11. Ba4 b5 12. Bb3 Nxd4 13. Qxd5 Qxd5 14. Nxd5
Ra7 15. c3 Nxb3 16. axb3 a5 17. Be3 Rd7 18. Nb6 Ra7 19. Ra2 g5 20. Rfa1 a4 21.
bxa4 bxa4 22. Bxg5 Ra6 23. Be3 Nf6 24. Rxa4 Rxa4 25. Rxa4 O-O 26. c4 Ne4 27. c5
f5 28. c6 Rd8 29. Ra5 Rd1+ 30. Kh2 Bxb2 31. Nc4 Rc1 32. Bxc1 Bxc1 33. c7 Bf4+
34. g3 Bxc7 35. Rxf5 Bd6 36. Nxd6 Nxd6 37. Re5 Kf7 38. f4 Nc4 39. Rc5 Nd2 40.
Kg2 Kf6 41. Rh5 Kg6 42. Rd5 Nc4 43. Kf3 Kf6 44. g4 e6 45. Rc5 Nb2 46. Ke3 Kg7
47. Ke4 h6 48. Rb5 Nc4 49. Rb4 Na5 50. h4 Kf8 51. Ra4 Nc6 52. Ra6 Nd8 53. Ke5
Ke8 54. Kf6 Kd7 55. g5 hxg5 56. hxg5 Nb7 57. Ra7 Kd6 58. Rxb7 Kd5 59. g6 e5 60.
g7 Kd4 61. g8=Q Ke3 62. Kxe5 Kf2 63. Rb3 Ke1 64. Qg2 Kd1 65. Rb1# 1-0

[Event "ICS rated blitz match"]
[Site "204.178.125.65"]
[Date "2000.02.23"]
[Round "?"]
[White "Hossa"]
[Black "Wisnia"]
[Result "1-0"]
[WhiteElo "2316"]
[BlackElo "2208"]
[PlyCount "107"]

1. e4 e6 2. d4 d5 3. e5 c5 4. c3 Bd7 5. Nf3 Qb6 6. Bd3 Bb5 7. Bxb5+ Qxb5 8. a4
Qa6 9. dxc5 Bxc5 10. b4 Be7 11. Be3 b6 12. b5 Qb7 13. O-O Nd7 14. a5 Bc5 15. a6
Qc7 16. Re1 Ne7 17. Bf4 Ng6 18. Bg3 O-O 19. Na3 Rac8 20. Nb1 Be7 21. Kh1 Qd8
22. Nd4 Bh4 23. Nc6 Qe8 24. Bxh4 Nxh4 25. Nxa7 Ra8 26. Nc6 Ng6 27. Qd4 Ne7 28.
Nxe7+ Qxe7 29. c4 dxc4 30. Nd2 c3 31. Qxc3 Rfc8 32. Qd3 Nc5 33. Qd6 Qa7 34. Nc4
Rab8 35. Qd1 Rd8 36. Nd6 Qd7 37. Qf3 Qa7 38. Rad1 Rd7 39. Rd4 Rbd8 40. Rg4 f5
41. exf6 Rxd6 42. Rxg7+ Qxg7 43. fxg7 R6d7 44. Ra1 Ra7 45. Qc6 Na4 46. Qxe6+
Kxg7 47. Qe5+ Kg8 48. Qg5+ Kf7 49. Qxd8 Nc3 50. Qxb6 Re7 51. Qh6 Nxb5 52. Qxh7+
Ke8 53. Qh5+ Kd7 54. Qxb5+ 1-0

[Event "ICS rated blitz match"]
[Site "204.178.125.65"]
[Date "2000.02.23"]
[Round "?"]
[White "Wisnia"]
[Black "Hossa"]
[Result "0-1"]
[WhiteElo "2165"]
[BlackElo "2336"]
[PlyCount "72"]

1. e4 g6 2. d4 Bg7 3. Nc3 d6 4. f4 a6 5. Nf3 b5 6. Bd3 Nd7 7. O-O c5 8. dxc5
Nxc5 9. a3 Bxc3 10. bxc3 Bg4 11. Be3 Nf6 12. h3 Bxf3 13. Qxf3 Nfd7 14. Rad1 Qa5
15. c4 Nxd3 16. cxd3 bxc4 17. dxc4 Qxa3 18. e5 O-O 19. exd6 exd6 20. Qf2 Nf6
21. Bd4 Ne4 22. Qh4 f5 23. Ba1 Qe3+ 24. Kh2 Qe2 25. Rc1 Rf7 26. Rfd1 Rb8 27.
Rb1 Re8 28. Re1 Qxc4 29. Re3 Rfe7 30. Rbe1 d5 31. Rd1 Qc5 32. Qe1 a5 33. Bd4
Qb4 34. Qf1 Rc7 35. Rc1 Rxc1 36. Qxc1 Qxd4 0-1

[Event "ICS rated blitz match"]
[Site "204.178.125.65"]
[Date "2000.02.23"]
[Round "?"]
[White "Hossa"]
[Black "Wisnia"]
[Result "1-0"]
[WhiteElo "2345"]
[BlackElo "2156"]
[PlyCount "47"]

1. e4 e5 2. Nc3 g6 3. Nf3 Bg7 4. Bc4 Ne7 5. Ng5 O-O 6. Qf3 Qe8 7. O-O h6 8. Nh3
c6 9. Qd3 b5 10. Bb3 Ba6 11. Ne2 Bb7 12. Qd6 Kh7 13. f4 exf4 14. Nhxf4 Na6 15.
d3 Nc8 16. Qa3 Nb6 17. Rf2 Rd8 18. Bd2 d5 19. exd5 Nxd5 20. Nxd5 cxd5 21. c3
Qc6 22. Be3 Ra8 23. Nf4 Qd6 24. Qxd6 1-0

[Event "ICS rated standard match"]
[Site "204.178.125.65"]
[Date "2000.02.23"]
[Round "?"]
[White "Hossa"]
[Black "Tinker"]
[Result "1-0"]
[WhiteElo "2242"]
[BlackElo "2238"]
[PlyCount "177"]

1. e4 Nc6 2. d4 d5 3. Nc3 dxe4 4. d5 Nb8 5. Nxe4 c6 6. c4 Nf6 7. Nxf6+ exf6 8.
a3 Bd6 9. Nf3 O-O 10. Be2 cxd5 11. cxd5 Qa5+ 12. Qd2 Qxd2+ 13. Bxd2 Bf5 14. O-O
Be4 15. Rfd1 Rd8 16. Be3 Bxd5 17. Rxd5 Bxh2+ 18. Kxh2 Rxd5 19. Nd4 Rd8 20. Rc1
Nd7 21. Rc7 Rab8 22. Nf5 a6 23. Ba7 Ra8 24. Rxb7 Re8 25. Bxa6 Ne5 26. Bb5 Rf8
27. Ne7+ Kh8 28. f4 Ng4+ 29. Kg3 Nh6 30. f5 Rfd8 31. Bd7 Rf8 32. Rc7 Rfd8 33.
Be3 Rdb8 34. Bc6 Ra5 35. Bxh6 gxh6 36. Kh2 Kg7 37. Rc8 Rxc8 38. Nxc8 Rc5 39.
Na7 Rxf5 40. b4 Rh5+ 41. Kg1 Rh4 42. Nb5 Rc4 43. Bd5 Rc1+ 44. Kf2 Rc2+ 45. Ke3
Rc1 46. Kd4 Rd1+ 47. Kc5 Rc1+ 48. Kb6 Rd1 49. Bc6 Ra1 50. Ka5 Kf8 51. a4 Ra2
52. Nc7 Rc2 53. b5 Ke7 54. Kb6 Kd8 55. a5 Ra2 56. a6 h5 57. a7 Rxa7 58. Kxa7
Kxc7 59. Be4 Kd6 60. b6 Ke5 61. Ba8 h6 62. b7 f5 63. b8=Q+ Kf6 64. Qg3 h4 65.
Qxh4+ Kg6 66. Bd5 h5 67. Bf3 f4 68. Bxh5+ Kf5 69. Qxf4+ Kxf4 70. Bxf7 Kg3 71.
Bd5 Kf4 72. Kb7 Kf5 73. Kc7 Kg4 74. Bf3+ Kg5 75. Kd6 Kg6 76. Ke6 Kg5 77. g3 Kg6
78. Be4+ Kg5 79. Bf5 Kh5 80. Kf6 Kh6 81. Bg4 Kh7 82. Be6 Kh8 83. g4 Kh7 84. g5
Kh8 85. Bf7 Kh7 86. g6+ Kh6 87. g7 Kh7 88. g8=Q+ Kh6 89. Qh8# 1-0

[Event "ICS rated blitz match"]
[Site "204.178.125.65"]
[Date "2000.02.23"]
[Round "?"]
[White "Irs149"]
[Black "Hossa"]
[Result "0-1"]
[WhiteElo "2010"]
[BlackElo "2353"]
[PlyCount "90"]

1. e4 d5 2. exd5 e6 3. dxe6 Bxe6 4. Nc3 Bd6 5. Nf3 Nf6 6. Bb5+ c6 7. Bd3 O-O 8.
O-O Re8 9. Ne4 Nxe4 10. Bxe4 Bg4 11. d3 f5 12. Bg5 Be7 13. Bxe7 Rxe7 14. Re1
fxe4 15. Rxe4 Rxe4 16. dxe4 Qxd1+ 17. Rxd1 Nd7 18. h3 Bxf3 19. gxf3 Ne5 20. Kg2
Rf8 21. Kg3 Rxf3+ 22. Kg2 Rf4 23. Rd8+ Kf7 24. Kg3 Rxe4 25. Rb8 Rb4 26. f4 Nd7
27. Ra8 Rxb2 28. Rxa7 Nc5 29. a4 Rxc2 30. a5 Rb2 31. Kg4 Rb4 32. h4 Kf6 33. h5
Ne6 34. Kf3 Rxf4+ 35. Ke3 Rf5 36. Rxb7 Rxa5 37. Kd3 Nc5+ 38. Kc4 Nxb7 39. Kb4
Rc5 40. Kb3 Ke5 41. Kb4 Kd4 42. Kb3 Kd3 43. Kb4 Rb5+ 44. Ka4 Kc3 45. h6 Ra5#
0-1

[Event "ICS Rated blitz match"]
[Site "204.178.125.65"]
[Date "2000.02.23"]
[Round "?"]
[White "Hossa"]
[Black "sekere"]
[Result "0-1"]
[WhiteElo "2357"]
[BlackElo "2091"]
[PlyCount "74"]

1. c4 c6 2. Nf3 d5 3. e3 Nf6 4. d4 e6 5. Bd3 Nbd7 6. Nc3 Bd6 7. O-O O-O 8. Bd2
Re8 9. Qc2 h6 10. e4 dxe4 11. Nxe4 Nxe4 12. Bxe4 e5 13. c5 Bf8 14. dxe5 Nxe5
15. Nxe5 Rxe5 16. Be3 Qe7 17. Bh7+ Kh8 18. Bd3 Be6 19. Qc3 Bd5 20. Rfe1 Re8 21.
Qa5 a6 22. Qb6 Qg5 23. Bf1 Qe7 24. b4 Qd7 25. Rad1 Be7 26. Qa7 Bd8 27. Bxa6 Bc7
28. Bxb7 Rh5 29. h3 Rxh3 30. Rxd5 cxd5 31. gxh3 Qxh3 32. Qa3 Bh2+ 33. Kh1 Re4
34. Bc8 Qf3+ 35. Kxh2 Rh4+ 36. Bh3 Rxh3+ 37. Kg1 Rh1# 0-1

[Event "ICS rated standard match"]
[Site "204.178.125.65"]
[Date "2000.02.23"]
[Round "?"]
[White "star"]
[Black "Hossa"]
[Result "1/2-1/2"]
[WhiteElo "2549"]
[BlackElo "2258"]
[PlyCount "86"]

1. e4 Nf6 2. e5 Nd5 3. d4 d6 4. c4 Nb6 5. exd6 cxd6 6. Nc3 g6 7. Bd3 Bg7 8.
Nge2 O-O 9. O-O Nc6 10. Qb3 Bxd4 11. Bh6 Bg7 12. Bxg7 Kxg7 13. Nd5 Nd7 14. Qc3+
Kg8 15. Rad1 Nde5 16. Bc2 Bg4 17. f3 Bd7 18. c5 dxc5 19. Qxc5 Rc8 20. f4 b6 21.
Qc3 Ng4 22. Ba4 e6 23. Ne3 Nb8 24. Qa3 Nxe3 25. Qxe3 Qe7 26. Bb3 Bb5 27. Rfe1
Bxe2 28. Rxe2 Qf6 29. Red2 Nc6 30. Ba4 Nb4 31. g3 Rfd8 32. Qe5 Qe7 33. Rd7 Rxd7
34. Rxd7 Qf8 35. Rxa7 Nxa2 36. Bb3 Nb4 37. Rxf7 Rc1+ 38. Kg2 Kxf7 39. Qxe6+ Kg7
40. Qd7+ Kh6 41. Qh3+ Kg7 42. Qd7+ Kh6 43. Qh3+ Kg7 1/2-1/2

[Event "ICS rated standard match"]
[Site "204.178.125.65"]
[Date "2000.02.23"]
[Round "?"]
[White "Hossa"]
[Black "star"]
[Result "0-1"]
[WhiteElo "2269"]
[BlackElo "2538"]
[PlyCount "66"]

1. e4 e5 2. Nf3 Nc6 3. Bc4 Bc5 4. b4 Bxb4 5. c3 Be7 6. d4 Na5 7. Nxe5 Nxc4 8.
Nxc4 d5 9. exd5 Qxd5 10. Ne3 Qa5 11. O-O Nf6 12. Re1 Be6 13. Ba3 Bxa3 14. Nc4
Qa6 15. Ncxa3 O-O-O 16. Qc1 Rhe8 17. Nd2 Nh5 18. Nb3 Bf5 19. Qb2 Nf4 20. Nc5
Qb6 21. Nb5 Kb8 22. Qb3 Qg6 23. g3 Qc6 24. f3 Ne2+ 25. Kf2 Qh6 26. Na6+ Qxa6
27. Rxe2 Qh6 28. h4 Rxe2+ 29. Kxe2 Re8+ 30. Qe6 Qxe6+ 31. Kf2 Qe2+ 32. Kg1 Bh3
33. Nxc7 Qg2# 0-1

[Event "ICS rated blitz match"]
[Site "204.178.125.65"]
[Date "2000.02.23"]
[Round "?"]
[White "tiger10"]
[Black "Hossa"]
[Result "0-1"]
[WhiteElo "2114"]
[BlackElo "2331"]
[PlyCount "218"]

1. e4 c5 2. Nf3 Nc6 3. d4 cxd4 4. Nxd4 g6 5. c4 Bg7 6. Be3 Nf6 7. Nc3 O-O 8.
Be2 d6 9. O-O Nxd4 10. Bxd4 Be6 11. Rc1 Qa5 12. b3 Rfe8 13. Rc2 Rac8 14. Qd3
Bd7 15. Nd5 Nxd5 16. exd5 Bf5 17. Qd2 Qa3 18. Bd3 Bxd3 19. Qxd3 Bxd4 20. Qxd4
b5 21. Qd2 bxc4 22. Rfc1 c3 23. Rxc3 Qa5 24. Rxc8 Qxd2 25. Rxe8+ Kg7 26. Ra1
Kf6 27. h3 h5 28. Rf8 Qxd5 29. Re1 Qc6 30. Re3 Kg7 31. Rb8 Qc1+ 32. Kh2 Qc7 33.
Rb4 d5+ 34. Kg1 e6 35. Kf1 a5 36. Ra4 e5 37. Rd3 Qc1+ 38. Ke2 Qc2+ 39. Rd2 Qc5
40. Kd1 Qb5 41. Ke1 d4 42. f4 f6 43. fxe5 fxe5 44. Rc4 Qd5 45. Kf2 Kh6 46. Rd1
h4 47. Rd3 Qe4 48. Rd1 Kg5 49. Re1 Qd5 50. Rd1 Kh5 51. Rd2 Qd8 52. Ke1 Qb6 53.
Re2 Qb5 54. Kd2 g5 55. Rc8 Kg6 56. Rg8+ Kh6 57. Rc8 Kg7 58. Rc1 Kf6 59. Rf1+
Kg6 60. Rc1 Qb4+ 61. Kd3 Kf5 62. Rc4 Qb5 63. Rf2+ Ke6 64. Rd2 Kd5 65. Ke2 Qb7
66. Ke1 Qh7 67. Ra4 Qc7 68. Rc4 Qa7 69. Rc8 Qh7 70. Rd8+ Kc6 71. Rc8+ Kd6 72.
Re8 Qb1+ 73. Kf2 Qg6 74. Ra8 Qe4 75. Ra6+ Kd7 76. Ra7+ Kc6 77. Kf1 Qf4+ 78. Rf2
Qc1+ 79. Ke2 Qb2+ 80. Ke1 Qb1+ 81. Kd2 Qxa2+ 82. Ke1 Qa1+ 83. Kd2 Qc3+ 84. Kd1
d3 85. Raf7 Kd5 86. Rb7 Qa1+ 87. Kd2 Qb2+ 88. Kxd3 Qxf2 89. Rb5+ Ke6 90. Rxa5
Qf1+ 91. Kd2 Qxg2+ 92. Kd1 Qf3+ 93. Kd2 Qxb3 94. Ra6+ Kf5 95. Rh6 Qxh3 96. Rh8
Qg2+ 97. Ke3 h3 98. Rf8+ Kg4 99. Rf6 h2 100. Rh6 Qh3+ 101. Rxh3 Kxh3 102. Ke4
h1=Q+ 103. Kxe5 g4 104. Kd4 g3 105. Ke5 g2 106. Ke4 Qd1 107. Ke5 g1=Q 108. Ke6
Qg7 109. Kf5 Qdg4# 0-1

[Event "ICS rated standard match"]
[Site "204.178.125.65"]
[Date "2000.02.23"]
[Round "?"]
[White "Tinker"]
[Black "Hossa"]
[Result "0-1"]
[WhiteElo "2230"]
[BlackElo "2263"]
[PlyCount "222"]

1. e4 c6 2. Nf3 d5 3. exd5 cxd5 4. Bb5+ Bd7 5. Bxd7+ Nxd7 6. O-O Ngf6 7. d4 e6
8. Bg5 Qb6 9. b3 Ne4 10. Be3 Be7 11. c4 O-O 12. Qd3 Ndf6 13. cxd5 exd5 14. Nbd2
Ba3 15. Ne5 Nxd2 16. Qxd2 Ne4 17. Qd3 Qe6 18. f3 Nd6 19. Rae1 Rfc8 20. Bf4 Qf5
21. Qe3 Nb5 22. Nd3 Rc3 23. Rd1 Bc1 24. Qe5 Qxe5 25. dxe5 Ba3 26. Nf2 Rd8 27.
Ne4 Rcc8 28. Bg5 Rd7 29. Rf2 d4 30. Rfd2 Rd5 31. f4 Bc1 32. Rd3 Rc2 33. Kf1 Ba3
34. Bh4 Rxa2 35. Rg3 Kh8 36. Bf6 gxf6 37. Nxf6 Rd8 38. Rh3 Kg7 39. Rxh7+ Kf8
40. e6 Ke7 41. Ng4 Kxe6 42. Re1+ Kd5 43. Rh5+ Kc6 44. Ne5+ Kb6 45. Nc4+ Ka6 46.
Ree5 b6 47. Rxb5 Ra1+ 48. Kf2 Bc5 49. Rbxc5 bxc5 50. Rxc5 Rg8 51. Kf3 Rf1+ 52.
Ke4 Rxg2 53. Ra5+ Kb7 54. Rf5 Rg7 55. Kxd4 Rd1+ 56. Ke4 Rh7 57. Ne5 Re1+ 58.
Kd4 Rf1 59. Nxf7 Rxh2 60. Nd6+ Kc6 61. Nc4 Rhf2 62. Ne5+ Kd6 63. Nd3 Rd1 64.
Rd5+ Kc6 65. Ke4 Re2+ 66. Kd4 Re7 67. Rc5+ Kb6 68. Rd5 Rb1 69. Rd6+ Kc7 70. Ra6
Kc8 71. Rc6+ Kb8 72. Kc4 Rf1 73. b4 Re4+ 74. Kd5 Re3 75. Kd4 Rg3 76. Ke4 Rg2
77. Rf6 Re2+ 78. Kd4 Re8 79. Rd6 Kc7 80. Ra6 Kb7 81. Nc5+ Ka8 82. Ne6 Kb8 83.
Rd6 Rf2 84. b5 Rf3 85. Ke4 Rb3 86. Ke5 Rxb5+ 87. Rd5 Rb2 88. f5 Kc8 89. Rc5+
Kb7 90. Kd6 Rd2+ 91. Rd5 Rxd5+ 92. Kxd5 Re7 93. f6 Rd7+ 94. Ke5 Kb6 95. Kf5 a5
96. Kg6 a4 97. f7 Rxf7 98. Kxf7 a3 99. Nd4 a2 100. Nc2 Kc5 101. Na1 Kc4 102.
Nc2 Kc3 103. Ne3 a1=Q 104. Nf5 Qa6 105. Ke7 Qg6 106. Nd6 Kd4 107. Kd7 Kd5 108.
Nc8 Qc6+ 109. Ke7 Qxc8 110. Kf6 Qg4 111. Ke7 Qg7+ 0-1

[Event "ICS Rated blitz match"]
[Site "204.178.125.65"]
[Date "2000.02.23"]
[Round "?"]
[White "PostModernist"]
[Black "Hossa"]
[Result "1-0"]
[WhiteElo "2480"]
[BlackElo "2326"]
[PlyCount "97"]

1. c4 b6 2. Nf3 c5 3. Nc3 Nc6 4. e3 e6 5. d4 cxd4 6. exd4 Nf6 7. d5 exd5 8.
cxd5 Nb4 9. a3 Na6 10. d6 Nc5 11. Be3 Ne6 12. Be2 Bb7 13. Qd3 Ng4 14. Rd1 Qf6
15. Qd2 Nxe3 16. fxe3 Nc5 17. O-O Rc8 18. Bc4 Ne6 19. Bxe6 fxe6 20. Nb5 a6 21.
Nc7+ Kd8 22. Rf2 h6 23. Qb4 Rxc7 24. dxc7+ Kxc7 25. Qc4+ Kd8 26. Nd4 Qe7 27.
Nxe6+ Ke8 28. Nxf8 Rxf8 29. Rxf8+ Qxf8 30. Rf1 Qc5 31. Qg8+ Ke7 32. Qxg7+ Kd6
33. Qxh6+ Kc7 34. Qf4+ Kc6 35. b4 Qc2 36. Qf3+ Kc7 37. Qg3+ Kc6 38. Qe5 d6 39.
Qe8+ Kd5 40. Qd7 Bc6 41. Qf7+ Ke5 42. Qf6+ Kd5 43. Qd4+ Ke6 44. Rf6+ Kd7 45.
Qxd6+ Kc8 46. Rf8+ Be8 47. Rxe8+ Kb7 48. Rb8+ Ka7 49. Qxb6# 1-0